| 000 | 01570nam a2200409 c 4500 | ||
|---|---|---|---|
| 999 |
_c177346 _d177346 |
||
| 003 | BLK | ||
| 005 | 20250623111620.0 | ||
| 008 | 180411b bul|||||r ||||||| ||bul|| | ||
| 010 | _aKNG00186011000 | ||
| 020 | _a9789547338500 | ||
| 040 | _aBLK | ||
| 041 |
_aBUL _cBUL |
||
| 072 | 7 |
_2bullib _aН86 _xДетска отраслова литература Н |
|
| 080 |
_aИздания за деца и юноши. Книжки-картинки. Читанки. Вж и 372.4 _b087.5 _z087.5 |
||
| 100 | 1 |
_aВехтер, Филип _eпърви автор _947838 |
|
| 139 |
_aВехтер, Филип _bВ 53 |
||
| 245 | 1 | 0 |
_aАз _cФилип Вехтер; прев. от нем. Петя Петкова. |
| 257 | _aDEU | ||
| 260 |
_bПрозорец _c2015 _fСофия : Алианс Принт _aСофия |
||
| 300 |
_a63 с. _bс цв. ил _c16Х16 см |
||
| 380 | _aDX | ||
| 500 | _a1. изд. 2009 на изд. Младинска кн. - Ориг. загл. Ich / Philip Waechter. | ||
| 650 | 4 |
_aКнижки-картинки _9267880 |
|
| 653 | _aкнижки-картинки | ||
| 653 | _aлитература за деца | ||
| 653 | _aдетска литература | ||
| 659 | _aН | ||
| 700 |
_aПеткова, Петя _eпрев. от нем. _91091 |
||
| 852 | _aЦб І 36721 | ||
| 856 | 4 | _qpdf | |
| 856 | 4 | _qpdf | |
| 942 |
_cKNG _n0 _s1 _042 |
||
| 944 |
_aCR _c01.02.2016 _lБояна Костадинова _k30551 |
||
| 944 |
_aED _c05.07.2016 _lф / _kЛюдмила_Стоянова |
||
| 999 | _d177346 | ||
| 999 | _d177346 | ||